000 00454nam a22001577a 4500
005 20251001122535.0
008 251001b |||||||| |||| 00| 0 eng d
050 _aLA1561 .A27
_bC.2
100 _aABREU,ELSA
245 _aTHE ROLE OF SELF-HELP IN THE DEVELOPMENT OF EDUCATION IN KENYA 1900-1973
260 _aNAIROBI
_bKENYA LITERATURE BUREAU
_c1982
300 _a271P
500 _aINCLUDES BIBLIOGRAPHY
700 _aABREU,ELSA
942 _2lcc
_cBK
999 _c216131
_d216131